| 000 | 00610 a2200157 4500 | ||
|---|---|---|---|
| 999 |
_c8518 _d8518 |
||
| 020 | _a0949981338 | ||
| 050 | _aPL8745.9 JUN 1967 | ||
| 100 |
_aJunod, Henri Alexandre _eauthor |
||
| 245 |
_aVuvulavuri bya Xitsonga = : _bElementary grammar of the Tsonga language / _cHenri Alexandre Junod |
||
| 264 |
_aBraamfontein : _bSasavona Publishers and Booksellers, _c1967 |
||
| 300 | _a47 pages | ||
| 500 | _aIn Tsonga. "Revised edition 1967"--Title page verso. Includes Tsonga equivalents for technical terms. | ||
| 650 |
_aTsonga language _xGrammar |
||
| 650 | _aTsonga language | ||
| 942 |
_2lcc _cBK _h8745.9 _iJUN _kPL |
||